Normal view
MARC view
- Hasan , Masud Ul
Entry Personal Name
001 - CONTROL NUMBER
- control field: 108541
003 - CONTROL NUMBER IDENTIFIER
- control field: NUST
005 - DATE AND TIME OF LATEST TRANSACTION
- control field: 20230202140756.0
008 - FIXED-LENGTH DATA ELEMENTS
- fixed length control field: 230202|| aca||aabn | a|a d
040 ## - CATALOGING SOURCE
- Original cataloging agency: NUST
- Transcribing agency: NUST
100 ## - HEADING--PERSONAL NAME
- Personal name: Hasan , Masud Ul
670 ## - SOURCE DATA FOUND
- Source citation: Work cat.: (NUST)187168: Hasan , Masud Ul, Life Of Iqbal VOL-2:
